[Event "Catalunya-chB"]
[Site "Spain"]
[Date "1996.10.20"]
[Round "3"]
[White "Villar Fagundez, Jose Maria"]
[Black "Moliner Vacca, Enric"]
[Result "0-1"]
[WhiteElo "2025"]
[BlackElo "1945"]
[PlyCount "94"]
[EventDate "1997.??.??"]
[EventType "swiss"]
[EventRounds "8"]
[EventCountry "ESP"]
[SourceTitle "EXT 2003"]
[Source "ChessBase"]
[SourceDate "2002.11.25"]
[SourceVersion "1"]
[SourceVersionDate "2002.11.25"]
[SourceQuality "1"]

1. e4 c6 2. d4 d5 3. exd5 cxd5 4. Bd3 Nc6 5. c3 Qb6 6. Nf3 Bg4 7. Nbd2 e6 8. 0-0 Bd6 9. Re1 Nge7 10. Nf1 Rc8 11. Ng3 0-0 12. Bxh7+ Kh8 13. Bd3 Na5 14. h3 Bxg3 15. hxg4 Bb8 16. Ng5 g6 17. Qf3 Kg7 18. g3 Nc4 19. Kg2 Ng8 20. Rh1 Nf6 21. Bf4 Bxf4 22. Qxf4 Rh8 23. Nf3 Nxb2 24. Ne5 Nxd3 25. Nxd3 Qc7 26. Ne5 Ne4 27. g5 Qe7 28. c4 Nxg5 29. cxd5 exd5 30. Rae1 Ne4 31. Rxh8 Rxh8 32. f3 Nf6 33. Ng4 Rh2+ 34. Kxh2 Nxg4+ 35. Qxg4 Qxe1 36. Qd7 Qf2+ 37. Kh3 Qxd4 38. Qxb7 Qc5 39. Qb8 d4 40. f4 a5 41. Qb2 Qc3 42. Qb5 d3 43. Qd5 d2 44. Qd8 a4 45. a3 Qc1 46. Qd4+ Kh7 47. Qd7 Qh1+ 0-1